| 000 | 01149nam a22002177a 4500 | ||
|---|---|---|---|
| 003 | AM-YeHGA | ||
| 040 | _aAM-YeHGA | ||
| 090 | _c437501 | ||
| 005 | 20250617155550.0 | ||
| 008 | 190730b ||||| |||| 00| 0 rus d | ||
| 041 | 0 | _arus | |
| 100 | 1 | _aПржевальский, Николай Михайлович | |
| 245 | 1 | 0 |
_aМетеорологические наблюдения Пржевальского / _cОбраб. А.И. Воейков |
| 246 | 1 | 4 |
_aНаучные результаты путешествий Н.М. Пржевальского по Центральной Азии. _bОтдел метеорологический. Маршруты и метеорологические наблюдения |
| 260 |
_aСанкт-Петербург : _bТип. Имп. Акад. наук, _c1895 |
||
| 300 |
_a281 с., _bтабл. |
||
| 653 | 0 | _aМетеорологические наблюдения - Центральная Азия | |
| 653 | 0 | _aПутешествия и экспедиции - Метеорологические наблюдения | |
| 700 | 1 |
_aВоейков, А.И. _eред. _4edt |
|
| 942 |
_2udc _cBK |
||
| 999 |
_c434874 _d434874 |
||